00658cam a22002051 4500001001300000003000400013005001700017008004100034010001700075040001800092043002100110050002600131100002900157245014300186260002400329300001800353651003200371651003200403999001700435pa 33000003 DLC20260227111852.0060727s1932 nyu 000 0 spa  apa 33000003  aDLCcDLCdDLC as-ck---as-pe---00aF2281.B7bP47712 19321 aLópez, Jacinto,d1864-14aLos tratados de límites y la paz internacional americana,bel tratado secreto de 1922 entre Colombia y el Perúc[por] Jacinto López. a[Nueva York,c1932] a42 p.c23 cm. 0aColombiaxBoundarieszPeru. 0aPeruxBoundarieszColombia. c51232d51232